| 000 | 02194nam0a2200349 4500 | ||
|---|---|---|---|
| 001 | RU\NLR\BIBL_A\011791871 | ||
| 005 | 20181106150738.0 | ||
| 010 |
_a978-5-8149-2593-0 _950 |
||
| 021 |
_aRU _bКН-П-18-058998 _9КН-П-18-4247 |
||
| 035 | _a(NLR Aleph) 011791871 | ||
| 035 | _a(RuMoRGB)009692543 | ||
| 090 |
_a11826644 _c11826644 |
||
| 100 | _a20180913d2018 u y0rusy50 ca | ||
| 101 | 0 |
_arus _afre |
|
| 102 | _aRU | ||
| 105 | _ay|||j|||000zy | ||
| 200 | 1 |
_aФранцузский язык для студентов магистратуры _dLe français pour les mastèrs _eучебное пособие _e[по дисциплине "Иностранный язык в профессиональной сфере"] _fТ. Н. Шарапова, Т. В. Cоколова _gМинобрнауки России, Федеральное государственное бюджетное образовательное учреждение высшего образования "Омский государственный технический университет" _zfre |
|
| 210 |
_aОмск _cИзд-во ОмГТУ _d2018 |
||
| 215 |
_a131 с. _d21 |
||
| 320 | _aБиблиогр.: с. 105 (7 назв.) | ||
| 510 | 1 |
_6z73790 _aFrançais pour les Mastèrs _zfre |
|
| 606 | 1 |
_aФранцузский язык _jУчебные издания для высших учебных заведений _2nlr_sh2 _3RU\NLR\AUTH\66964829 |
|
| 686 | 1 | _aШ147.11-93рус32 | |
| 700 | 1 |
_aШарапова _bТ. Н. _cканд. филол. наук _gТатьяна Николаевна _3RU\NLR\AUTH\770186822 |
|
| 701 | 1 |
_aСоколова _bТ. В. _cканд. филол. наук, нем. и фр. яз. _gТатьяна Владимировна _3RU\NLR\AUTH\77118873 |
|
| 790 | 1 |
_6z73 _aŠarapova _bT. N. _cканд. филол. наук _gTat'jana Nikolaevna _3RU\NLR\AUTH\770186830 |
|
| 790 | 1 |
_6z73 _6z73510 _aSokolova _bT. V. _cканд. филол. наук, нем. и фр. яз. _gTat'jana Vladimirovna _3RU\NLR\AUTH\770194859 |
|
| 942 | _cBOOK | ||
| 980 | _aNBR | ||
| 980 | _aNB | ||